Economic development of the Soviet Union, (Record no. 66225)

MARC details
000 -LEADER
fixed length control field 00911cam a22002771 4500
001 - CONTROL NUMBER
control field sa 65009451
003 - CONTROL NUMBER IDENTIFIER
control field DLC
005 - DATE AND TIME OF LATEST TRANSACTION
control field 20260227112202.0
008 - FIXED-LENGTH DATA ELEMENTS--GENERAL INFORMATION
fixed length control field 861120s1965 ii b 000 0 eng
010 ## - LIBRARY OF CONGRESS CONTROL NUMBER
LC control number sa 65009451
025 ## - OVERSEAS ACQUISITION NUMBER
Overseas acquisition number PL480:I-E-4634
035 ## - SYSTEM CONTROL NUMBER
System control number (OCoLC)14781475
040 ## - CATALOGING SOURCE
Original cataloging agency DLC
Transcribing agency WaU
Modifying agency WaU
-- DLC
042 ## - AUTHENTICATION CODE
Authentication code premarc
043 ## - GEOGRAPHIC AREA CODE
Geographic area code e-ur---
050 00 - LIBRARY OF CONGRESS CALL NUMBER
Classification number HC335
Item number .C5122 1965
100 1# - MAIN ENTRY--PERSONAL NAME
Personal name Chakrabarti, Sudhindra Chandra.
245 10 - TITLE STATEMENT
Title Economic development of the Soviet Union,
Statement of responsibility, etc. by Sudhindra Chandra Chakrabarti, Kunja Bihari Kundu [and] Madan Mohan Patra.
250 ## - EDITION STATEMENT
Edition statement [2d ed. thoroughly rev.]
260 ## - PUBLICATION, DISTRIBUTION, ETC.
Place of publication, distribution, etc. Calcutta,
Name of publisher, distributor, etc. Nababharat Publishers
Date of publication, distribution, etc. [1965]
300 ## - PHYSICAL DESCRIPTION
Extent xi, 151, [1] p.
Dimensions 23 cm.
504 ## - BIBLIOGRAPHY, ETC. NOTE
Bibliography, etc. note Bibliography: p. [152]
651 #0 - SUBJECT ADDED ENTRY--GEOGRAPHIC NAME
Geographic name Soviet Union
General subdivision Economic policy
Chronological subdivision 1917-1928.
700 1# - ADDED ENTRY--PERSONAL NAME
Personal name Kundu, Kunja Bihari,
Relator term joint author.
700 1# - ADDED ENTRY--PERSONAL NAME
Personal name Patra, Madan Mohan,
Relator term joint author.

No items available.

Powered by Koha